[Event "RN-2016-0-01226"]
[Site "LSS email"]
[Date "2016.12.10"]
[Round "?"]
[White "Gorman, Andrew"]
[Black "Heiser, Jerome"]
[Result "1-0"]
[WhiteElo "752"]
[BlackElo "553"]
[PlyCount "127"]
[EventDate "2016.11.28"]
[EventType "tourn (corr)"]
[EventRounds "6"]
[EventCountry "GER"]
[SourceTitle "Corr 2022"]
[Source "ChessBase"]
[SourceDate "2021.10.24"]
[SourceVersion "1"]
[SourceVersionDate "2021.10.24"]
[SourceQuality "1"]

1. e4 e5 2. Nf3 Nc6 3. Bc4 h6 4. Nc3 Bc5 5. d3 d6 6. h3 Nf6 7. Be3 Nd4 8. 0-0 0-0 9. Re1 a6 10. Bxd4 exd4 11. Nd5 c6 12. Nxf6+ Qxf6 13. a3 b5 14. Bb3 Re8 15. c3 Bb7 16. c4 Re7 17. cxb5 axb5 18. Qc2 Rae8 19. a4 b4 20. Nh2 Qf4 21. f3 Bc8 22. Qf2 Be6 23. Bxe6 Rxe6 24. b3 Rg6 25. Nf1 Qg5 26. Re2 Ba7 27. f4 Qf6 28. f5 Rg5 29. Nh2 Qe5 30. Ng4 Qe7 31. Rc1 h5 32. Nh2 Bc5 33. Nf3 Rf8 34. Nxg5 Qxg5 35. Rf1 d5 36. Qf4 Be7 37. Qxg5 Bxg5 38. g4 h4 39. Rc2 Be3+ 40. Kg2 dxe4 41. dxe4 Re8 42. Kf3 g5 43. fxg6 fxg6 44. Rxc6 Kg7 45. Rc7+ Kh6 46. Rd1 Rf8+ 47. Ke2 Rf2+ 48. Kd3 Rh2 49. a5 Rxh3 50. Kc4 Rf3 51. a6 h3 52. a7 Rf8 53. Rh1 Kg5 54. Rh7 Ra8 55. R1xh3 Kxg4 56. Rh1 Kf4 57. Kd3 g5 58. Rf1+ Ke5 59. Rf5+ Ke6 60. Rb5 g4 61. Rh6+ Kd7 62. Rb7+ Kc8 63. Rhh7 g3 64. Rbg7 1-0

[Event "RN-2016-0-01226"]
[Site "LSS email"]
[Date "2016.12.10"]
[Round "?"]
[White "Gorman, Andrew"]
[Black "Kuttner, Jaromir"]
[Result "1-0"]
[WhiteElo "752"]
[BlackElo "1015"]
[PlyCount "35"]
[EventDate "2016.11.28"]
[EventType "tourn (corr)"]
[EventRounds "6"]
[EventCountry "GER"]
[SourceTitle "Corr 2022"]
[Source "ChessBase"]
[SourceDate "2021.10.24"]
[SourceVersion "1"]
[SourceVersionDate "2021.10.24"]
[SourceQuality "1"]

1. e4 e5 2. Nf3 Nc6 3. Bc4 Nf6 4. d3 Bc5 5. c3 d5 6. exd5 Nxd5 7. 0-0 0-0 8. Re1 Bg4 9. Nbd2 Nf4 10. Ne4 Bb6 11. h3 Bh5 12. Ng3 Bg6 13. d4 Qd7 14. dxe5 Nxh3+ 15. gxh3 Rad8 16. Qxd7 Rxd7 17. Be3 Be4 18. Nxe4 1-0

[Event "RN-2016-0-01226"]
[Site "LSS email"]
[Date "2016.12.10"]
[Round "?"]
[White "Gorman, Andrew"]
[Black "Lenz, Juergen"]
[Result "0-1"]
[WhiteElo "752"]
[BlackElo "1044"]
[PlyCount "92"]
[EventDate "2016.11.28"]
[EventType "tourn (corr)"]
[EventRounds "6"]
[EventCountry "GER"]
[SourceTitle "Corr 2022"]
[Source "ChessBase"]
[SourceDate "2021.10.24"]
[SourceVersion "1"]
[SourceVersionDate "2021.10.24"]
[SourceQuality "1"]

1. e4 e6 2. d4 d5 3. e5 c5 4. c3 Ne7 5. Nf3 Nec6 6. Be3 Nd7 7. Be2 Qb6 8. Qd2 a5 9. 0-0 cxd4 10. Nxd4 Nxd4 11. Bxd4 Bc5 12. Bxc5 Nxc5 13. Re1 0-0 14. b4 Ne4 15. Qd4 Qxd4 16. cxd4 axb4 17. Bf3 Nc3 18. Nxc3 bxc3 19. Rec1 Ra3 20. h3 Bd7 21. Rc2 Ba4 22. Rcc1 c2 23. Be2 Rc8 24. f4 f6 25. Kf1 fxe5 26. fxe5 Bd7 27. Ke1 Rg3 28. Bf3 Be8 29. Kf2 Rg5 30. g4 h5 31. Ke3 hxg4 32. Bxg4 Ba4 33. Kf4 Rg6 34. a3 Rh6 35. Ra2 Rc3 36. Rb2 b5 37. Kg5 Kf7 38. h4 Rh8 39. Bh5+ Ke7 40. Bg4 Rf8 41. h5 Rd3 42. h6 gxh6+ 43. Kxh6 Rg3 44. Kh5 Rh8+ 45. Kg5 Rg8+ 46. Kh5 R3xg4 0-1